Model Evaluation of the Economic Efficiency of Slovak Enterprises by European Standards at the Time of Euro-integration Tendencies

Príspevok sa snaží vytvoriť model hodnotenia ekonomickej efektívnosti podnikov v súlade s európskymi normami s využitím tradičných a moderných finančných a manažérskych metód v prostredí slovenských a tiež európskych podnikov.

Guardado en:
Detalles Bibliográficos
Autor principal: Seňová, Andrea
Otros Autores: Dugas, Jaroslav, 1967-, Gonos, Jaroslav
Formato: Capítulo de libro
Lenguaje:inglés
Materias:
Etiquetas: Agregar Etiqueta
Sin Etiquetas, Sea el primero en etiquetar este registro!

MARC

LEADER 00000naa$a2200000$$$4500
001 0226338
005 20240502083605.8
041 0 |a eng 
044 |a BG 
245 1 0 |a Model Evaluation of the Economic Efficiency of Slovak Enterprises by European Standards at the Time of Euro-integration Tendencies  |c Andrea Seňová, Jaroslav Dugas, Jaroslav Gonos 
520 |a Príspevok sa snaží vytvoriť model hodnotenia ekonomickej efektívnosti podnikov v súlade s európskymi normami s využitím tradičných a moderných finančných a manažérskych metód v prostredí slovenských a tiež európskych podnikov. 
610 2 0 |a podnik 
610 2 0 |a analýza finančná 
610 2 0 |a výkonnosť podniku 
610 2 0 |a efektívnosť 
610 2 0 |a metódy 
610 2 0 |a model EFQM 
100 1 |a Seňová, Andrea 
700 1 |a Dugas, Jaroslav, 1967- 
700 1 |a Gonos, Jaroslav